Rajavamsam kalalaya smaranakal (Record no. 74708)

MARC details
000 -LEADER
fixed length control field 00644 2200193 4500
005 - DATE AND TIME OF LATEST TRANSACTION
control field 20120810095253.0
008 - FIXED-LENGTH DATA ELEMENTS--GENERAL INFORMATION
fixed length control field 120810t xxu||||| |||| 00| 0 eng d
041 ## - Language Code
Language code of text/sound track or separate title Malayalam
080 ## - UNIVERSAL DECIMAL CLASSIFICATION NUMBER
Universal Decimal Classification number 92(RAV)=M
Item number RAV
100 ## - MAIN ENTRY--PERSONAL NAME
Personal name Ravivarma, R.T (Seerie)
245 ## - TITLE STATEMENT
Title Rajavamsam kalalaya smaranakal
300 ## - PHYSICAL DESCRIPTION
Extent 100p.
653 ## - INDEX TERM--UNCONTROLLED
Uncontrolled term Memoirs-malayalam literature
653 ## - INDEX TERM--UNCONTROLLED
Uncontrolled term Memoirs-R.T. Ravivarma (serie)
942 ## - ADDED ENTRY ELEMENTS (KOHA)
item type Books
260 ## - PUBLICATION, DISTRIBUTION, ETC. (IMPRINT)
Name of publisher, distributor, etc DC Books
Date of publication, distribution, etc 2011
Place of publication, distribution, etc Kottayam
020 ## - INTERNATIONAL STANDARD BOOK NUMBER
International Standard Book Number 9788126430840
260 ## - PUBLICATION, DISTRIBUTION, ETC. (IMPRINT)
-- 18925
Holdings
Lost status Source of classification or shelving scheme Not for loan Home library Current library Shelving location Date acquired Cost, normal purchase price Total Checkouts Full call number Barcode Date last seen Cost, replacement price Price effective from Koha item type
  Universal Decimal Classification   University Library University Library General Stacks 02/03/2012 0.00   92(RAV)=M RAV 00067626 02/03/2012 0.00 02/03/2012 Books
University Library, CUSAT